000
00334nam a2200145Ia 4500
008
200103s9999||||xx |||||||||||||| ||und||
020
_a
0117726834,
040
_a
IMU-MPC
082
_a
Column-46
100
_a
HMSO, London
245
0
_a
Guide to Ship Firefighting
260
_b
HMSO, London
_c
1994
300
_a
iv, 101
942
_c
BK
999
_c
9321
_d
9321